000 00455nam a2200181Ia 4500
001 9125
005 20260306160700.0
008 260306t2004||||xx |||||||||||||| ||spa||
041 _aESP
082 _a372.83
_bD74
100 _aDomínguez Garrido, Ma. Concepción (coord.)
_eAUT
245 0 _aDidáctica de las ciencias sociales
260 _c2004
300 _a486 páginas :
_c24 cm.
650 _aGEN
654 _aCED
942 _cLIB
_dJUS
_fJUS
_2ddc
_n
999 _c9125
_d9125